Information systems theory and applications / (Record no. 184426)
[ view plain ]
| 000 -LEADER | |
|---|---|
| fixed length control field | 00680nam a2200205Ia 4500 |
| 005 - DATE AND TIME OF LATEST TRANSACTION | |
| control field | 20220712150329.0 |
| 008 - FIXED-LENGTH DATA ELEMENTS--GENERAL INFORMATION | |
| fixed length control field | 210716s9999 xx 000 0 und d |
| 040 ## - CATALOGING SOURCE | |
| Transcribing agency | AIMIT LIBRARY |
| 041 ## - LANGUAGE CODE | |
| Language code of text/sound track or separate title | eng |
| 082 ## - DEWEY DECIMAL CLASSIFICATION NUMBER | |
| Classification number | 003.54 |
| Edition number | 1 |
| Item number | MURC |
| 100 ## - MAIN ENTRY--PERSONAL NAME | |
| Personal name | Murthy C S V. |
| 9 (RLIN) | 48401 |
| 245 ## - TITLE STATEMENT | |
| Title | Information systems theory and applications / |
| Remainder of title | By CSV Murthy ... [et.al.] |
| 250 ## - EDITION STATEMENT | |
| Edition statement | 1 |
| 260 ## - PUBLICATION, DISTRIBUTION, ETC. | |
| Place of publication, distribution, etc. | New Delhi : |
| Name of publisher, distributor, etc. | Himalaya Publishing House , |
| Date of publication, distribution, etc. | 1999. |
| 300 ## - PHYSICAL DESCRIPTION | |
| Extent | 273p. ; |
| Dimensions | 24.5 cm. |
| 650 ## - SUBJECT ADDED ENTRY--TOPICAL TERM | |
| Topical term or geographic name entry element | Information systems concepts |
| 9 (RLIN) | 48402 |
| 650 ## - SUBJECT ADDED ENTRY--TOPICAL TERM | |
| Topical term or geographic name entry element | Management of information systems |
| 9 (RLIN) | 48403 |
| 650 ## - SUBJECT ADDED ENTRY--TOPICAL TERM | |
| Topical term or geographic name entry element | Planning and development of information system |
| 9 (RLIN) | 48404 |
| 942 ## - ADDED ENTRY ELEMENTS (KOHA) | |
| Source of classification or shelving scheme | Dewey Decimal Classification |
| Koha item type | Book |
| Call number prefix | 003.54 MURC |
| Withdrawn status | Lost status | Damaged status | Not for loan | Collection code | Home library | Current library | Date acquired | Cost, normal purchase price | Total Checkouts | Full call number | Barcode | Date last seen | Cost, replacement price | Price effective from | Koha item type |
|---|---|---|---|---|---|---|---|---|---|---|---|---|---|---|---|
| MCA | St Aloysius Institute of Management & Information Technology | St Aloysius Institute of Management & Information Technology | 07/16/2021 | 110.00 | 003.54 MURC | MCA03934 | 07/21/2025 | 110.00 | 07/16/2021 | Book | |||||
| MCA | St Aloysius Institute of Management & Information Technology | St Aloysius Institute of Management & Information Technology | 07/16/2021 | 110.00 | 003.54 MURC | MCA03950 | 07/21/2025 | 110.00 | 07/16/2021 | Book |